Principles of Highway Engineering and Traffic Analysis / (Record no. 329666)

000 -LEADER
fixed length control field nam a22 7a 4500
003 - CONTROL NUMBER IDENTIFIER
control field NUST
005 - DATE AND TIME OF LATEST TRANSACTION
control field 20170517131042.0
008 - FIXED-LENGTH DATA ELEMENTS--GENERAL INFORMATION
fixed length control field 170517b xxu||||| |||| 00| 0 eng d
040 ## - CATALOGING SOURCE
Transcribing agency DLC
082 ## - DEWEY DECIMAL CLASSIFICATION NUMBER
Classification number 625.7 MAN
100 ## - MAIN ENTRY--PERSONAL NAME
Personal name Mannering,F.L
9 (RLIN) 975
245 ## - TITLE STATEMENT
Title Principles of Highway Engineering and Traffic Analysis /
942 ## - ADDED ENTRY ELEMENTS (KOHA)
Source of classification or shelving scheme
Koha item type Book
Holdings
Withdrawn status Lost status Source of classification or shelving scheme Damaged status Not for loan Permanent Location Current Location Date acquired Total Checkouts Full call number Barcode Date last seen Date last checked out Price effective from Koha item type
          School of Civil and Environmental Engineering (SCEE) School of Civil and Environmental Engineering (SCEE) 05/17/2017 1 625.7 MAN NIT-7552 01/09/2024 09/20/2023 05/17/2017 Book
© 2023 Central Library, National University of Sciences and Technology. All Rights Reserved.